Дело об ангажементе хориста Вильгельма Сальмона

Доступно только в Электронных читальных залах Найти на картеНа карте
RUSMARC
00004024nmc2a22000003x 450
001ba2a563a-9b8f-4fc9-953f-427074239af7
00520181224230151.0
100##$a20170627l18461849k l0rusy0189 ca
1010#$arus
102##$aRU
2001#$aДело об ангажементе хориста Вильгельма Сальмона
$j13 сентября 1846 г. - 31 августа 1849 г.
251##$cДело
300##$aПо Санкт-Петербургской дирекции за 1846 год
300##$aОриг. заголовок дела: Дело об ангажементе хориста Вильгельма Соломон (Salomon Nommi Zalmon). 13 сентября 1846 г. - 31 августа 1849 г
801#0$aRU
$bРГИА
$c20170627
$gRCR
801#1$aRU
$bГлавНИВЦ
$c20170627
$2rusmarc
801#2$aRU
$bПБ им. Б.Н. Ельцина
$c20181224
$gRCR
$2rusmarc
850##$aРГИА
852##$aРГИА
$eФедеральное казенное учреждение "Российский государственный исторический архив" (РГИА)
$j10754
937##$hРГИА
$d12246274
$aASBIBLIO_SCAN
462#0$1001dd3991dc-24e1-42ec-8838-ca4255420416
$12001
$a1746-1850 гг.
$1251
$cОпись
$1852
$j1
461#0$10019264ebf8-de62-4f1a-9eb4-9f22098dbbd5
$12001
$aДирекция императорских театров МИДв
$1251
$cФонд
$1852
$j497
215##$a20 л.
$d36,5х26 см
371##$aДокумент не является опубликованным и широко распространяемым
105##$ay###
1222#$ad
5171#$aДело об ангажементе хориста Вильгельма Соломон (Salomon Nommi Zalmon). 13 сентября 1846 г. - 31 августа 1849 г
035##$aba2a563a-9b8f-4fc9-953f-427074239af7
856##$uhttp://readingroom.main.prlib.ru/item.aspx?id_node=n122291724&mode=full
Формат отображения